000 00927 a2200217 4500
005 20080912155730.0
008 080912t xxu||||| |||| 00| 0 eng d
010 _aENG-87759
020 _c850.00
_a8189901028
035 _aEN-71292
037 _bD.B.Act / Pub
082 _a338.04
100 _aTambunan, Tulus
245 _aEntrepreneurship development in developing countries
_cby Tulus Tambunan
260 _aDelhi
_bAcademic Excellence
_c2007
270 _a42, Ekta Appartments, Geeta Colony
_bDelhi
_e110031
_k011-22445526, 011-22453953, 09811892244
_minfo@indianacademicpublisher.com
300 _axi, 326 p.
_c22 cm. (Hb).
500 _aIncludes bibliographical references and index
942 _adpl
_cEN
_k338.04 / TAM
_2ddc
_h338.04
_mTAM
999 _c6887
_d6887